export_success — 

ASEAN outstanding business award 2013.

Bibliographic Details
Format: Book
Published: [S.l]: ASEAN Retail Franchise Federation (ARFF), 2013.
Subjects:
LEADER 00465cam a2200145 7i4500
001 0000031655
005 20140902090000.0
090 0 0 |a ASEA 338.7   |b ASE 
245 0 0 |a ASEAN outstanding business award 2013. 
260 0 0 |a [S.l]:   |b ASEAN Retail Franchise Federation (ARFF),   |c 2013. 
300 # # |a 78 p. 
650 0 0 |a Business --   |z ASEAN  
651 0 0 |a ASEAN  
999 |a 0000034173  |b Book  |c Regions  |e Business Information Centre 
999 |a 0000034172  |b Book  |c Regions  |e Business Information Centre